=LDR 00000nam 2200000 4500 =001 INLIS000000000016951 =005 20130612112151 =008 ***********************************Ind** =035 ##$$0010-061300000016951 =041 ##$$a Ind =082 ##$$a F Rom K =090 ##$$a F Rom K, Bel b =245 ##$$a belalang dan semut =260 ##$$a 2003 $b Jakarta =300 ##$$a 24 hlm, ilus, 17 cm =650 ##$$a Fiksi Anak-anak =850 ##$$a NBPNMAT